[Event "FIDE World Rapid Team"]
[Site "Almaty KAZ"]
[Date "2024.08.04"]
[Round "11.27"]
[White "Siddharth, Jagadeesh"]
[Black "Markov, Mikhail KGZ"]
[Result "1-0"]
[WhiteTitle "IM"]
[BlackTitle "IM"]
[WhiteElo "2516"]
[BlackElo "2255"]
[WhiteTeam "Theme International Trading"]
[BlackTeam "Kyrgyz Chess Academy"]
[WhiteFideId "5818320"]
[BlackFideId "13800698"]
[EventDate "2024.08.02"]

1. e4 c5 2. Nf3 d6 3. Nc3 a6 4. g3 Nc6 5. Bg2 g6 6. d4 cxd4 7. Nxd4 Bg7 8. Be3
Ne5 9. O-O Nf6 10. h3 Nc4 11. Bc1 O-O 12. b3 Nb6 13. Bb2 Qc7 14. a4 e5 15. Nde2
Rd8 16. Qd2 Be6 17. a5 Nbd7 18. Rfd1 Bf8 19. Nd5 Bxd5 20. exd5 Bg7 21. c4 b5 22.
cxb5 axb5 23. b4 Rab8 24. Rdc1 Qa7 25. Rc6 Nf8 26. Rac1 Ne8 27. Nc3 Qd4 28. Qxd4
exd4 29. Ne4 Nd7 30. f4 Ndf6 31. Nxf6+ Bxf6 32. Bf1 d3 33. Bc3 Kf8 34. Bxd3 Bxc3
35. R6xc3 Nf6 36. a6 Nxd5 37. a7 Ra8 38. Ra3 Ne7 39. Bxb5 Rdc8 40. Rca1 Rc7 41.
Bf1 Rb7 42. b5 d5 43. Ra5 Nc8 44. Bg2 Raxa7 45. Rxa7 Nxa7 46. b6 Nb5 47. Ra6 Nc3
48. Kf2 Ne4+ 49. Bxe4 dxe4 50. Ke3 Rd7 51. Kxe4 Rd1 52. Ke5 Rd3 53. b7 Rb3 54.
Ra8+ 1-0

[Event "FIDE World Rapid Team"]
[Site "Almaty KAZ"]
[Date "2024.08.04"]
[Round "11.28"]
[White "Zheenbekov, Nurgazy"]
[Black "Wong, Zhenyong Jayden"]
[Result "1-0"]
[BlackTitle "FM"]
[WhiteElo "2124"]
[BlackElo "2397"]
[WhiteTeam "Kyrgyz Chess Academy"]
[BlackTeam "Theme International Trading"]
[WhiteFideId "13800485"]
[BlackFideId "5821975"]
[EventDate "2024.08.02"]

1. e4 c6 2. d4 d5 3. exd5 cxd5 4. Bd3 Nc6 5. c3 Nf6 6. h3 g6 7. Nf3 Bf5 8. Be2
Bg7 9. O-O O-O 10. Bf4 Ne4 11. Nbd2 Qd7 12. Re1 f6 13. Nxe4 Bxe4 14. Bg3 e5 15.
dxe5 fxe5 16. Nd2 Bf5 17. Nb3 Rad8 18. Bb5 d4 19. cxd4 exd4 20. Bd3 b6 21. a3
Kh8 22. Nc1 Be6 23. Rb1 Bd5 24. Bb5 Bxg2 25. Kxg2 Qd5+ 26. Kg1 Qxb5 27. Nd3 Rfe8
28. Qd2 Qf5 29. Kg2 h6 30. Rbc1 Kh7 31. Kh2 Rxe1 32. Rxe1 Rd7 33. Qc2 Ne7 34.
Qa4 g5 35. Ne5 Rd5 36. Qb4 Ng8 37. Nc4 Qf7 38. Nd6 Qd7 39. Ne8 Bh8 40. Nc7 Rf5
41. Ne6 Qc8 42. Qb3 Kg6 43. Qd3 Ne7 44. Nxd4 Bxd4 45. Rxe7 Bf6 46. Rxa7 h5 47.
Rd7 h4 48. Bc7 Qe8 49. Rd5 Qe6 50. Rxf5 Qxf5 51. Qxf5+ Kxf5 52. Bxb6 Bxb2 53. a4
Ke6 54. a5 Kd7 55. a6 Kc6 56. a7 Kb7 57. Kg2 Bf6 58. Kf3 Be7 59. Kg4 Bf6 60. Be3
Be7 61. Bxg5 Bc5 62. Be3 1-0

[Event "FIDE World Rapid Team"]
[Site "Almaty KAZ"]
[Date "2024.08.04"]
[Round "11.29"]
[White "Gong, Qianyun"]
[Black "Samaganova, Aleksandra"]
[Result "1-0"]
[WhiteTitle "WGM"]
[BlackTitle "WFM"]
[WhiteElo "2250"]
[BlackElo "1948"]
[WhiteTeam "Theme International Trading"]
[BlackTeam "Kyrgyz Chess Academy"]
[WhiteFideId "8602425"]
[BlackFideId "13800221"]
[EventDate "2024.08.02"]

1. e4 c5 2. c3 Nf6 3. e5 Nd5 4. Bc4 Nb6 5. Bb3 d5 6. exd6 Qxd6 7. Nf3 Bf5 8. d4
e6 9. Na3 a6 10. Be3 N8d7 11. Qe2 Be7 12. Rd1 Qc7 13. h3 O-O 14. O-O Bg6 15.
Rfe1 Bf6 16. Qd2 Rad8 17. Bf4 Qc6 18. Nc4 Nxc4 19. Bxc4 Nb6 20. Bb3 Nd5 21. Be5
Be7 22. c4 Nb4 23. d5 Qb6 24. Qc3 exd5 25. cxd5 Nd3 26. Rxd3 Bxd3 27. Qxd3 Bd6
28. Bc2 f5 29. Bc3 Rfe8 30. Rxe8+ Rxe8 31. Qxf5 g6 32. Qf6 Bf8 33. Qxb6 1-0

[Event "FIDE World Rapid Team"]
[Site "Almaty KAZ"]
[Date "2024.08.04"]
[Round "11.30"]
[White "Tynybekov, Bakyt"]
[Black "Zhang, Changjie"]
[Result "1-0"]
[WhiteElo "1795"]
[BlackElo "1809"]
[WhiteTeam "Kyrgyz Chess Academy"]
[BlackTeam "Theme International Trading"]
[WhiteFideId "13803360"]
[BlackFideId "5801877"]
[EventDate "2024.08.02"]

1. d4 e6 2. c4 d5 3. Nc3 Bb4 4. Nf3 Nf6 5. e3 O-O 6. Bd2 c6 7. Be2 Nbd7 8. O-O
Bd6 9. a3 e5 10. dxe5 Nxe5 11. cxd5 Nxd5 12. Nxd5 cxd5 13. Bc3 Nxf3+ 14. Bxf3
Be6 15. Qd4 f6 16. Rac1 Be5 17. Qd3 Qd7 18. Rfd1 Rfd8 19. Bd4 Bxd4 20. Qxd4 a6
21. Qb6 Rac8 22. g3 Rxc1 23. Rxc1 Rc8 24. Rd1 Qc6 25. Qb4 b5 26. e4 dxe4 27.
Bxe4 Qc5 28. Qxc5 Rxc5 29. Rd6 Bh3 30. f3 Rc1+ 31. Kf2 Rh1 32. g4 Rc1 33. Rxa6
Bf1 34. Ra8+ Kf7 35. Bxh7 Bc4 36. b3 Bf1 37. Ra7+ Kf8 38. Bg6 Rd1 39. Rf7+ Kg8
40. Re7 1-0

[Event "FIDE World Rapid Team"]
[Site "Almaty KAZ"]
[Date "2024.08.04"]
[Round "11.31"]
[White "Short, Nigel D"]
[Black "Wageih, Kareim"]
[Result "1-0"]
[WhiteTitle "GM"]
[BlackTitle "IM"]
[WhiteElo "2594"]
[BlackElo "2402"]
[WhiteTeam "FIDE Management Board"]
[BlackTeam "Egypt"]
[WhiteFideId "400025"]
[BlackFideId "10604561"]
[EventDate "2024.08.02"]

1. e4 c5 2. Nf3 e6 3. d4 cxd4 4. Nxd4 Nc6 5. Nc3 Qc7 6. Be2 a6 7. O-O Nf6 8. Kh1
b5 9. Nxc6 dxc6 10. f4 Be7 11. e5 Nd5 12. Nxd5 cxd5 13. Bd3 g6 14. a3 Bb7 15.
Bd2 Rc8 16. Bb4 d4 17. Qd2 O-O 18. Rf2 Bc5 19. Re1 Bd5 20. h3 Rfd8 21. Bxc5 Qxc5
22. Kh2 Bc4 23. g4 Bxd3 24. cxd3 Rd5 25. Rg2 Qc7 26. Qf2 a5 27. Re4 Qc1 28. f5
exf5 29. gxf5 Qc7 30. Qg3 Re8 31. Rge2 Kh8 32. Qg5 Qe7 33. f6 Qf8 34. Rh4 Re6
35. Ree4 Kg8 36. Kg3 b4 37. axb4 axb4 38. Re1 b3 39. Re2 Rc6 40. Rh6 Qb8 41. Re4
Qf8 42. Reh4 1-0

[Event "FIDE World Rapid Team"]
[Site "Almaty KAZ"]
[Date "2024.08.04"]
[Round "11.32"]
[White "Wafa, Hamed"]
[Black "Bologan, Victor"]
[Result "0-1"]
[WhiteTitle "IM"]
[BlackTitle "GM"]
[WhiteElo "2345"]
[BlackElo "2598"]
[WhiteTeam "Egypt"]
[BlackTeam "FIDE Management Board"]
[WhiteFideId "10628452"]
[BlackFideId "13900048"]
[EventDate "2024.08.02"]

1. e4 g6 2. d4 Bg7 3. Nf3 d6 4. c3 Nf6 5. Bd3 O-O 6. O-O Nbd7 7. h3 e5 8. Bc2 b6
9. Re1 Bb7 10. a4 a6 11. b4 Re8 12. d5 Nh5 13. Bg5 Ndf6 14. a5 b5 15. g3 Qd7 16.
Kh2 c6 17. c4 bxc4 18. Ba4 Qc7 19. Nc3 cxd5 20. Bxe8 dxe4 21. Nd2 Rxe8 22. Ndxe4
Nxe4 23. Nxe4 Re6 24. Qa4 h6 25. Bd2 Bc6 26. Qc2 d5 27. Nc5 Rf6 28. Rf1 Bb5 29.
Rae1 Rf3 30. Re3 Nxg3 31. Rxf3 Nxf1+ 32. Kg1 Nxd2 33. Qxd2 d4 34. Qe1 c3 35. Rg3
Qc6 36. h4 Qd5 37. h5 g5 38. Ne4 c2 39. Nc5 d3 40. Qd2 e4 41. Re3 Bb2 42. Nxe4
Qd4 0-1

[Event "FIDE World Rapid Team"]
[Site "Almaty KAZ"]
[Date "2024.08.04"]
[Round "11.33"]
[White "Al-Mudahka, Mohd"]
[Black "Sadek, Sameh"]
[Result "1-0"]
[WhiteTitle "GM"]
[BlackTitle "FM"]
[WhiteElo "2542"]
[BlackElo "2286"]
[WhiteTeam "FIDE Management Board"]
[BlackTeam "Egypt"]
[WhiteFideId "12100030"]
[BlackFideId "10602771"]
[EventDate "2024.08.02"]

1. e4 e5 2. Nf3 Nc6 3. Bb5 a6 4. Ba4 b5 5. Bb3 Na5 6. O-O Nxb3 7. axb3 d6 8. d4
exd4 9. Nxd4 Bd7 10. Nc3 Nf6 11. Qf3 Be7 12. e5 dxe5 13. Nc6 Bg4 14. Qg3 Qd6 15.
Nxe7 Kxe7 16. Bg5 Be6 17. Rad1 Qc6 18. Qxe5 Kf8 19. b4 Nd7 20. Qg3 f6 21. Bf4
Rc8 22. Rfe1 Kf7 23. Ne2 Nf8 24. Nd4 Qe8 25. Bxc7 h5 26. Bd6 h4 27. Qf3 Qd7 28.
h3 Re8 29. Bxf8 Bd5 30. Qd3 Rxe1+ 31. Rxe1 Rxf8 32. Nf5 Re8 33. Rxe8 Kxe8 34.
Nxg7+ Qxg7 35. Qxd5 Qh6 36. Qe6+ Kf8 37. Qe3 Qg6 38. Qc5+ Kg8 39. b3 Qe4 40.
Qc8+ Kf7 41. Qd7+ Kf8 42. Qd2 Kf7 43. Kf1 Qe5 44. Qd7+ Kf8 45. Qc8+ Kf7 46. Qxa6
Qd4 47. Qb7+ Kg6 48. Qf3 f5 49. g4 Qa1+ 50. Kg2 1-0

[Event "FIDE World Rapid Team"]
[Site "Almaty KAZ"]
[Date "2024.08.04"]
[Round "11.34"]
[White "Sameh Mohamed, Abdalrahman"]
[Black "Zhu, Chen"]
[Result "0-1"]
[BlackTitle "GM"]
[WhiteElo "2259"]
[BlackElo "2423"]
[WhiteTeam "Egypt"]
[BlackTeam "FIDE Management Board"]
[WhiteFideId "54262674"]
[BlackFideId "8600546"]
[EventDate "2024.08.02"]

1. e4 c5 2. Nc3 Nc6 3. f4 g6 4. Nf3 Bg7 5. g3 e6 6. Bg2 Nge7 7. d3 O-O 8. O-O d6
9. Ne2 e5 10. h3 f5 11. Kh2 h6 12. Rb1 Kh7 13. Be3 b6 14. Qe1 Be6 15. a3 a5 16.
Nh4 Rc8 17. exf5 Nxf5 18. Nxf5 gxf5 19. Rf2 Qd7 20. Qd2 Ne7 21. Rbf1 Nd5 22. Qc1
Nxe3 23. Qxe3 Kh8 24. c4 b5 25. b3 a4 26. Nc3 exf4 27. Qxf4 Bxc3 28. Qxh6+ Kg8
29. Re2 Bf7 30. Rf4 Bg7 31. Qg5 axb3 32. Re7 Qxe7 33. Qxe7 b2 34. Rf1 bxc4 35.
dxc4 Bxc4 36. Rb1 d5 37. Qe6+ Kh8 38. h4 Rce8 39. Qg6 Re2 40. h5 Rf6 41. Qg5 Ba2
42. Rxb2 Rxb2 43. Kh3 d4 44. Qc1 Rh6 45. Bf3 Rf2 46. Bd1 Bf7 47. g4 fxg4+ 48.
Bxg4 Bxh5 49. Qxc5 Bxg4+ 50. Kxg4 Rg6+ 51. Kh3 Rf1 52. Qc8+ Kh7 53. Qa8 Rf5 54.
Kh4 Bf6+ 0-1

[Event "FIDE World Rapid Team"]
[Site "Almaty KAZ"]
[Date "2024.08.04"]
[Round "11.35"]
[White "Reizniece-Ozola, Dana"]
[Black "Wafa, Shrook"]
[Result "0-1"]
[WhiteTitle "WGM"]
[BlackTitle "WGM"]
[WhiteElo "2255"]
[BlackElo "2137"]
[WhiteTeam "FIDE Management Board"]
[BlackTeam "Egypt"]
[WhiteFideId "11601124"]
[BlackFideId "10609970"]
[EventDate "2024.08.02"]

1. c4 e5 2. Nc3 Nc6 3. g3 f5 4. Bg2 Nf6 5. e3 Be7 6. Nge2 O-O 7. O-O d6 8. b3
Qe8 9. Nd5 Nxd5 10. cxd5 Nd8 11. Bb2 c5 12. f4 e4 13. d3 exd3 14. Qxd3 Bf6 15.
Bxf6 Rxf6 16. Nc3 Rf7 17. Rae1 Re7 18. e4 Nf7 19. Re2 Bd7 20. Rfe1 g6 21. exf5
Rxe2 22. Rxe2 Qf8 23. fxg6 hxg6 24. Qxg6+ Qg7 25. Qxg7+ Kxg7 26. h3 b5 27. Kf2
b4 28. Ne4 a5 29. g4 a4 30. Rb2 axb3 31. axb3 Bb5 32. Nd2 Ra1 33. Bf1 Bxf1 34.
Nxf1 Nh8 35. Ne3 Ng6 36. Nf5+ Kf6 37. Nxd6 Nxf4 38. Kg3 Nxd5 39. Ne4+ Ke5 40.
Nxc5 Kd4 41. Na4 Rg1+ 42. Rg2 Rb1 43. Rd2+ Ke5 44. Nc5 Rg1+ 45. Kf2 Rb1 46. Kg3
Rg1+ 47. Kh4 Rb1 48. g5 Ne3 49. Nd3+ Ke4 50. Nxb4 Rxb3 51. Nc6 Nf5+ 52. Kg4 Rg3+
53. Kh5 Rxh3+ 54. Kg6 Rc3 55. Nd8 Nh4+ 56. Kg7 Kf5 57. Nf7 Rc7 58. Rf2+ Kg4 59.
g6 Kh5 60. Rg2 Nxg2 61. Kf6 Rc6+ 0-1

[Event "FIDE World Rapid Team"]
[Site "Almaty KAZ"]
[Date "2024.08.04"]
[Round "11.36"]
[White "Allam, Yara"]
[Black "Musauly, Nurali"]
[Result "0-1"]
[WhiteTitle "WCM"]
[WhiteElo "1920"]
[BlackElo "1816"]
[WhiteTeam "Egypt"]
[BlackTeam "FIDE Management Board"]
[WhiteFideId "10615709"]
[BlackFideId "447000678"]
[EventDate "2024.08.02"]

1. e4 e6 2. d4 d5 3. Nd2 c5 4. exd5 Qxd5 5. dxc5 Qxc5 6. Ngf3 Nf6 7. Bd3 Nbd7 8.
O-O Be7 9. Nb3 Qc7 10. Nbd4 a6 11. Qe2 Nc5 12. Bd2 Nxd3 13. cxd3 Nd5 14. Rac1
Qd8 15. Nb3 O-O 16. d4 b6 17. Ne5 Bb7 18. Nc6 Qd7 19. Nxe7+ Nxe7 20. Qg4 Nf5 21.
Rfd1 Bd5 22. Rc3 Rfc8 23. Nc1 Qa4 24. a3 Qxd4 25. Qxd4 Nxd4 26. Be3 Rxc3 27.
bxc3 Nb5 28. c4 Bxc4 29. Bxb6 Nxa3 30. f3 h6 31. Kf2 Bd5 32. Nd3 Rb8 33. Bc5 Nb5
34. Nb4 Bb7 35. Rd7 a5 36. Nc2 Bc6 37. Rd3 a4 38. Na3 Bd5 39. Nxb5 Rxb5 40. Ba3
Rb7 41. Rd4 Ra7 42. Ke3 f6 43. Kd2 Kf7 44. Kc3 g5 45. Kb4 Bb3 46. Kb5 Rc7 47.
Kb6 Rc2 48. Rd7+ Kg6 49. g4 Rxh2 50. Bf8 f5 51. gxf5+ exf5 52. Rd6+ Kh7 53. Rd7+
Kg8 54. Rd8 Kf7 55. Bc5 Rh3 56. Rf8+ Kg6 57. Rg8+ Kh7 58. Rf8 Rxf3 59. Bd4 f4 0-1

[Event "FIDE World Rapid Team"]
[Site "Almaty KAZ"]
[Date "2024.08.04"]
[Round "11.37"]
[White "Utegaliyev, Azamat"]
[Black "Sychev, Klementy"]
[Result "1/2-1/2"]
[BlackTitle "GM"]
[WhiteElo "2418"]
[BlackElo "2531"]
[WhiteTeam "Greco"]
[BlackTeam "World Champions Higher School"]
[WhiteFideId "13702467"]
[BlackFideId "4114060"]
[EventDate "2024.08.02"]

1. e4 e5 2. Bc4 Nf6 3. d3 Nc6 4. Nc3 Bc5 5. h3 Nd4 6. Nf3 d6 7. Nxd4 Bxd4 8. Ne2
Bb6 9. Ng3 Be6 10. Qf3 d5 11. Bb3 dxe4 12. dxe4 Qe7 13. Bg5 h6 14. Bxf6 Qxf6 15.
Qxf6 gxf6 16. Nh5 Ke7 17. g4 a5 18. Bxe6 fxe6 19. a4 Rad8 20. Ke2 Rd4 21. f3
Rhd8 22. Rhd1 Bc5 23. Rxd4 Rxd4 24. c3 Rd8 25. Rf1 Bd6 26. Rd1 Rb8 27. Kd3 c6
28. Kc2 Bc5 29. f4 exf4 30. Nxf4 Bb6 31. Rf1 Bc7 32. e5 Bxe5 33. Ng6+ Kd6 34.
Rd1+ Kc5 35. Rd7 Bg3 36. Rf7 f5 37. gxf5 exf5 38. Rxf5+ Kb6 39. Rf3 Bc7 40. Nf8
Re8 41. Nd7+ Ka7 42. Rf7 Re3 43. h4 Rh3 44. Nc5 Kb8 45. Rf8+ Ka7 46. Rf7 Kb8 47.
Rf8+ Ka7 1/2-1/2

[Event "FIDE World Rapid Team"]
[Site "Almaty KAZ"]
[Date "2024.08.04"]
[Round "11.38"]
[White "Shubin, Kirill"]
[Black "Aligozhin, Zhaslan"]
[Result "1-0"]
[WhiteTitle "IM"]
[BlackTitle "FM"]
[WhiteElo "2459"]
[BlackElo "2333"]
[WhiteTeam "World Champions Higher School"]
[BlackTeam "Greco"]
[WhiteFideId "34119962"]
[BlackFideId "13702734"]
[EventDate "2024.08.02"]

1. e4 c5 2. Nf3 d6 3. Bb5+ Nd7 4. Ba4 Nf6 5. O-O e6 6. d3 Be7 7. c4 O-O 8. Nc3
b6 9. Qe2 Bb7 10. h3 a6 11. Nh2 Ne5 12. f4 Nc6 13. Bxc6 Bxc6 14. g4 Nd7 15. g5
b5 16. h4 b4 17. Nd1 f5 18. b3 e5 19. Ne3 fxe4 20. dxe4 Bxe4 21. f5 h6 22. Qg4
Bd3 23. f6 Nxf6 24. gxf6 Bxf6 25. Bb2 Bxf1 26. Rxf1 e4 27. Nf5 Bxb2 28. Nxh6+
Kh7 29. Nf7 Rxf7 30. Qh5+ Kg8 31. Qxf7+ Kh8 32. Rf5 g6 33. Qxg6 Bg7 34. Ng4 Qe7
35. Rh5+ Kg8 36. Nh6+ 1-0

[Event "FIDE World Rapid Team"]
[Site "Almaty KAZ"]
[Date "2024.08.04"]
[Round "11.39"]
[White "Askarov, Bakhtiyar"]
[Black "Faizrakhmanov, Ramil"]
[Result "1/2-1/2"]
[WhiteTitle "IM"]
[BlackTitle "IM"]
[WhiteElo "2280"]
[BlackElo "2424"]
[WhiteTeam "Greco"]
[BlackTeam "World Champions Higher School"]
[WhiteFideId "13701100"]
[BlackFideId "24103209"]
[EventDate "2024.08.02"]

1. d4 Nf6 2. Nf3 d5 3. Bf4 c5 4. e3 Nc6 5. Nbd2 Nh5 6. Be5 f6 7. Bg3 e6 8. c3
Be7 9. Bd3 Nxg3 10. hxg3 f5 11. g4 fxg4 12. Ne5 Nxe5 13. dxe5 Qc7 14. Qxg4 Qxe5
15. Nf3 Qf6 16. Bxh7 Kd8 17. Qg3 a5 18. O-O-O Ra6 19. e4 a4 20. exd5 Bd6 21.
dxe6 Kc7 22. Qg6 Qxg6 23. Bxg6 Rxh1 24. Rxh1 Bxe6 25. Kb1 a3 26. Ng5 Bxa2+ 27.
Kxa2 axb2+ 28. Kxb2 Be7 29. Ne4 Rxg6 30. g3 b5 31. Rh5 Kc6 32. Re5 Bd6 33. Rf5
c4 34. Kc2 b4 35. Nd2 b3+ 36. Kb2 Rg4 37. f4 Rxg3 38. Nxc4 Be7 39. Re5 Bf6 40.
Re3 Rg2+ 41. Kxb3 Rf2 42. Ne5+ Kd5 43. Nd3 Rf1 44. Nb4+ Kc5 45. Re4 Rf3 46. Rc4+
Kd6 47. Rc6+ Kd7 48. Rc4 Ke6 49. Kc2 Rxc3+ 50. Rxc3 Bxc3 51. Kxc3 g5 52. fxg5
Kf5 53. g6 Kxg6 1/2-1/2

[Event "FIDE World Rapid Team"]
[Site "Almaty KAZ"]
[Date "2024.08.04"]
[Round "11.40"]
[White "Orlov, Oleg"]
[Black "Suleyev, Alen"]
[Result "1-0"]
[WhiteTitle "FM"]
[BlackTitle "FM"]
[WhiteElo "2254"]
[BlackElo "2084"]
[WhiteTeam "World Champions Higher School"]
[BlackTeam "Greco"]
[WhiteFideId "4166612"]
[BlackFideId "13707213"]
[EventDate "2024.08.02"]

1. e4 Nf6 2. e5 Nd5 3. d4 d6 4. c4 Nb6 5. f4 dxe5 6. fxe5 Nc6 7. Be3 Bf5 8. Nc3
e6 9. Rc1 Be7 10. Nf3 Bg4 11. Be2 Bxf3 12. gxf3 Bh4+ 13. Kf1 O-O 14. Rg1 f6 15.
exf6 Bxf6 16. Rg4 e5 17. d5 Nd4 18. Qd3 c6 19. dxc6 bxc6 20. Ne4 Nf5 21. Bf2 Qe8
22. Kg1 Rd8 23. Qa3 Rd7 24. Kh1 Kh8 25. Rcg1 Be7 26. Qc3 Bf6 27. Bc5 Rff7 28. b3
Nd4 29. Bd1 Nf5 30. Qc2 Nd4 31. Qg2 Qe6 32. Qh3 Nf5 33. Bc2 Nh6 34. R4g3 Qxh3
35. Rxh3 Be7 36. Bxe7 Rfxe7 37. Ng5 Rd2 38. Bxh7 Rxa2 39. Be4 Nd7 40. Bxc6 Nf6
41. b4 Rc2 42. Rh4 Kg8 43. Ne4 Kf7 44. Ng5+ Kg8 45. Bd5+ Nxd5 46. cxd5 Nf5 47.
Rh5 Nd4 48. Re1 Rb2 49. d6 Rd7 50. Rxe5 Rd8 51. d7 Rb1+ 52. Kg2 Rb2+ 53. Kh3 g6
54. Re8+ Kg7 55. Rh7+ Kf6 56. Ne4+ Kf5 57. Rf7# 1-0

[Event "FIDE World Rapid Team"]
[Site "Almaty KAZ"]
[Date "2024.08.04"]
[Round "11.41"]
[White "Nasybullina, Alfia"]
[Black "Serikbay, Assel"]
[Result "1-0"]
[WhiteTitle "WIM"]
[BlackTitle "WIM"]
[WhiteElo "2034"]
[BlackElo "2237"]
[WhiteTeam "Greco"]
[BlackTeam "World Champions Higher School"]
[WhiteFideId "4132416"]
[BlackFideId "13706799"]
[EventDate "2024.08.02"]

1. e4 c5 2. d3 e6 3. g3 d5 4. Nd2 Nc6 5. Bg2 g6 6. Ngf3 Bg7 7. O-O Nge7 8. Re1
O-O 9. c3 b5 10. h4 b4 11. c4 dxc4 12. Nxc4 Ba6 13. Qb3 Rc8 14. h5 Qd7 15. h6
Bh8 16. Bf4 Nd4 17. Nxd4 Bxd4 18. Ne5 Bxe5 19. Bxe5 f6 20. Bf4 Nc6 21. e5 Nd4
22. Qd1 Bb7 23. exf6 Bxg2 24. Kxg2 Rxf6 25. Be5 Rf5 26. Re4 Rcf8 27. f4 Nc6 28.
Bg7 Rd8 29. Qb3 Rd5 30. Rae1 Na5 31. Qd1 Rxd3 32. Qg4 Rd2+ 33. Kh3 Re8 34. Rxe6
Rxe6 35. Rxe6 Nc6 36. f5 Nd8 37. Rf6 Nf7 38. fxg6 Qxg4+ 39. Kxg4 Ne5+ 40. Kg5
Nxg6 41. Rc6 Rd5+ 42. Kf6 Rf5+ 43. Ke6 Rf3 44. Rxc5 Re3+ 45. Kf6 Rf3+ 46. Ke6
Re3+ 47. Kd7 Rxg3 48. Rf5 Rd3+ 49. Kc7 b3 50. a3 Rd2 51. Kb7 Rd7+ 52. Ka6 Rc7
53. Rb5 Ne7 54. Rxb3 Nf5 55. Rb8+ Kf7 56. Be5 Re7 57. Rb7 Nxh6 58. Kxa7 Ng4 59.
Bd6 Rxb7+ 60. Kxb7 h5 61. Bg3 Ne3 62. a4 Nc4 63. b4 Ke6 64. a5 Na3 65. Kc6 Nc2
66. b5 Nd4+ 67. Kc5 Nb3+ 68. Kb6 Kd7 69. a6 1-0

[Event "FIDE World Rapid Team"]
[Site "Almaty KAZ"]
[Date "2024.08.04"]
[Round "11.42"]
[White "Balakirev, Nikoly"]
[Black "Kabylbek, Yedil"]
[Result "1-0"]
[WhiteElo "1885"]
[BlackElo "1857"]
[WhiteTeam "World Champions Higher School"]
[BlackTeam "Greco"]
[WhiteFideId "4192060"]
[BlackFideId "13744658"]
[EventDate "2024.08.02"]

1. h3 d5 2. e3 Nf6 3. d4 c5 4. dxc5 Qa5+ 5. Nd2 Qxc5 6. Nb3 Qc7 7. Nf3 g6 8. Bd2
Bg7 9. Ba5 b6 10. Bc3 O-O 11. Bb5 a6 12. Bd3 Nc6 13. Nbd4 Nd7 14. Ne2 e5 15. e4
d4 16. Bd2 Nc5 17. Ng3 Qe7 18. Bc4 Be6 19. Bxe6 Nxe6 20. O-O Rac8 21. Qe2 b5 22.
a4 Qc5 23. axb5 axb5 24. c3 Rfd8 25. cxd4 Ncxd4 26. Nxd4 Nxd4 27. Qg4 h5 28. Qg5
Nb3 29. Be3 Qd6 30. Ra7 Rd7 31. Rxd7 Qxd7 32. Kh2 Rc2 33. Rb1 Qd3 34. Qe7 Nd2
35. Qe8+ Kh7 36. Ra1 h4 37. Nh5 gxh5 38. Qxf7 Nf1+ 39. Kg1 Ng3 40. Kh2 Qxe4 41.
Ra7 Qg6 42. Qxg6+ Kxg6 43. fxg3 hxg3+ 44. Kxg3 Rxb2 45. Kf3 Bf8 46. Ra6+ Kf5 47.
g4+ 1-0

[Event "FIDE World Rapid Team"]
[Site "Almaty KAZ"]
[Date "2024.08.04"]
[Round "11.43"]
[White "Gurel, Ediz"]
[Black "Khusnutdinov, Rustam"]
[Result "0-1"]
[WhiteTitle "GM"]
[BlackTitle "GM"]
[WhiteElo "2602"]
[BlackElo "2429"]
[WhiteTeam "Rookies"]
[BlackTeam "Helicopter"]
[WhiteFideId "44507356"]
[BlackFideId "13701703"]
[EventDate "2024.08.02"]

1. e4 d5 2. exd5 Qxd5 3. Nc3 Qa5 4. d4 Nf6 5. Nf3 Bf5 6. Bc4 e6 7. Bd2 Bb4 8. a3
Bxc3 9. Bxc3 Qb6 10. O-O Nc6 11. Bb3 O-O 12. Ne5 Nxe5 13. dxe5 Rad8 14. Qe1 Nd5
15. Ba5 Qc6 16. Bd2 h6 17. h3 Rd7 18. Qe2 Rfd8 19. Rac1 Nb6 20. Bc3 Nd5 21. Bd2
Nb6 22. Be3 Qe4 23. Qb5 a6 24. Qc5 Nd5 25. Bxd5 Qxd5 26. Qc3 a5 27. Rfe1 b6 28.
b3 Qb5 29. a4 Qd5 30. b4 axb4 31. Qxb4 Qc6 32. c4 Ra8 33. Ra1 Rd3 34. c5 bxc5
35. Bxc5 Rd5 36. Rec1 Qa6 37. Qf4 Qa5 38. Bb4 Qa7 39. Bc3 c5 40. a5 Qb7 41. Qe3
Be4 42. Re1 Bf5 43. Qe2 Rd3 44. Rec1 c4 45. Be1 Qd5 46. a6 Qc6 47. a7 Qb6 48.
Rcb1 Rb3 49. Rd1 c3 50. Rd6 Qb7 51. g4 Bg6 52. Qa6 c2 53. Qxb7 Rxb7 54. Rc1 Rb1
55. Bd2 Rxa7 0-1

[Event "FIDE World Rapid Team"]
[Site "Almaty KAZ"]
[Date "2024.08.04"]
[Round "11.44"]
[White "Gubaydulin, Talgat"]
[Black "Samadov, Read"]
[Result "0-1"]
[WhiteTitle "IM"]
[BlackTitle "IM"]
[WhiteElo "2385"]
[BlackElo "2509"]
[WhiteTeam "Helicopter"]
[BlackTeam "Rookies"]
[WhiteFideId "14202174"]
[BlackFideId "13417444"]
[EventDate "2024.08.02"]

1. e4 c5 2. Nc3 d6 3. Nge2 Nf6 4. d4 cxd4 5. Nxd4 a6 6. Bc4 e6 7. Be3 Be7 8. Qe2
Qc7 9. O-O-O Nc6 10. g4 Ne5 11. Bb3 Nexg4 12. Bg5 h6 13. Bh4 g5 14. Bg3 Bd7 15.
h4 O-O-O 16. hxg5 hxg5 17. Rhg1 Ne5 18. f4 gxf4 19. Bxf4 Rdg8 20. Rgf1 Rg7 21.
Kb1 Nh5 22. Rh1 Rgh7 23. Be3 Nf6 24. Rxh7 Rxh7 25. Rg1 Qd8 26. Nf3 Bc6 27. Nd4
Bd7 28. Nf3 Bc6 29. Nd4 Qh8 30. Nxc6 Nxc6 31. Bf4 Rh1 32. Qf1 Rxg1 33. Qxg1 Nd7
34. Na4 Qd4 35. Qg8+ Nd8 36. Qg2 Qd1+ 37. Bc1 Ne5 38. Nc3 Qe1 39. Ne2 Ndc6 40.
a3 Qh4 41. Bf4 Qg4 42. Qf2 Qf3 43. Qxf3 Nxf3 44. c3 Kd7 45. Kc1 Bg5 46. Bxg5
Nxg5 47. Bc2 Ne5 48. Nd4 Kc7 49. a4 Ngf3 50. Ne2 Ne1 51. b3 Nxc2 52. Kxc2 Kd7
53. c4 a5 54. Kc3 Nc6 55. Ng3 Ke7 56. Nh5 b6 57. Kd3 Nb4+ 58. Kd4 Na6 59. Kc3
Nc5 60. Ng3 Kf6 61. b4 Na6 62. Kd3 Ke5 0-1

[Event "FIDE World Rapid Team"]
[Site "Almaty KAZ"]
[Date "2024.08.04"]
[Round "11.45"]
[White "Shogdzhiev, Roman"]
[Black "Rodionov, Adil"]
[Result "1-0"]
[WhiteTitle "CM"]
[WhiteElo "2124"]
[BlackElo "2353"]
[WhiteTeam "Rookies"]
[BlackTeam "Helicopter"]
[WhiteFideId "55653537"]
[BlackFideId "13701266"]
[EventDate "2024.08.02"]

1. e4 c5 2. Nf3 Nc6 3. Bb5 g6 4. Bxc6 dxc6 5. h3 Bg7 6. d3 Nf6 7. O-O Nd7 8. Nc3
e5 9. Be3 b6 10. Qd2 h6 11. Nh2 g5 12. Ne2 Nf8 13. Ng3 Ng6 14. Nh5 Bf8 15. Ng4
Be7 16. Ng7+ Kf8 17. Nf5 Bxf5 18. exf5 Nh4 19. Nxe5 Qd5 20. f4 Nxf5 21. Rae1 Bf6
22. c4 Qd6 23. Nxf7 Kxf7 24. fxg5 hxg5 25. Rxf5 Kg6 26. Ref1 Raf8 27. Qf2 Be7
28. Bxg5 Qxd3 29. Bf6 Bxf6 30. Rxf6+ 1-0